| 000 | 01052pam a2200277 a 4500 | ||
|---|---|---|---|
| 999 |
_c9995 _d9995 |
||
| 001 | 1999016 | ||
| 003 | GBCCL | ||
| 005 | 20241126110723.0 | ||
| 008 | 900716s1991 miua b 001 0 eng | ||
| 010 | _a 90044359 | ||
| 020 | _a0801035589 | ||
| 040 |
_aDLC _cDLC _dDLC |
||
| 050 | 0 | 0 |
_aBV652.24 _b.F35 1991 |
| 082 | 0 | 0 |
_a254.1 _220 _bFAI |
| 100 | 1 |
_aFaircloth, Samuel D. _917386 |
|
| 245 | 1 | 0 |
_aChurch planting for reproduction / _cSamuel D. Faircloth ; foreword by Arthur P. Johnston. |
| 260 |
_aGrand Rapids, Mich. : _bBaker Book House, _cc1991. |
||
| 300 |
_a206 p. : _bill. ; _c23 cm. |
||
| 500 | _a"How to plant a church capable of reproducing itself" (1 folded leaf) inserted in pocket at back of book. | ||
| 504 | _aIncludes bibliographical references (p. 195-200) and index. | ||
| 650 | 0 |
_aChurch development, New. _942 |
|
| 650 | 0 |
_aChurch growth. _9291 |
|
| 906 |
_a7 _bcbc _corignew _d1 _eocip _f19 _gy-gencatlg |
||
| 942 |
_2ddc _cBK _04 |
||